000 00324nam a2200145 4500
008 190522s1999||||xo d
100 1 _aCayce Edgar
_91128
245 1 0 _aMiluj, služ a medituj
260 _bArica
_aTurnov
_c1999
250 _a1.vydanie
020 _c0
041 1 _aslo
044 _axo
_cSK
958 _aAUL
999 _c22429
_d22429